Central Library OPAC University of Rajshahi
Normal view MARC view

Entry Topical Term

Number of records used in: 4

001 - CONTROL NUMBER

  • control field: 1898

003 - CONTROL NUMBER IDENTIFIER

  • control field: BD-RjUL

005 - DATE AND TIME OF LATEST TRANSACTION

  • control field: 20220316160759.0

008 - FIXED-LENGTH DATA ELEMENTS

  • fixed length control field: 220316|| aca||aabn | a|a d

040 ## - CATALOGING SOURCE

  • Original cataloging agency: BD-RjUL
  • Transcribing agency: BD-RjUL

150 ## - HEADING--TOPICAL TERM

  • Topical term or geographic name entry element: Production
  • Form subdivision: Small business
  • General subdivision: Khulna

670 ## - SOURCE DATA FOUND

  • Source citation: Work cat.: (BD-RjUL)79572: Hossin, Maqbul 1897, Financing small scale industries of Bangladesh with special reference to the small industries in Khulna District /, 1992